Naisten Jalkapallon Kansallinen Liiga - Mitalistit - Statistics

Yleistilastot
  • Tätä visaa on pelattu 136 kertaa
  • Keskiarvotulos 16 / 29
Vastaustilastot
Kultaa Hopeaa Pronssia Yht. Joukkue % Oikein
23 15 7 45 HJK
98%
2 3 5 Ilves
93%
3 1 4 KuPS
91%
1 8 2 11 TPS
86%
7 2 9 PK-35
84%
4 2 3 9 Honka
83%
2 1 3 6 FC United
79%
3 2 7 12 Åland United
74%
1 1 VPS
69%
1 1 HIFK
68%
2 2 TiPS
64%
1 1 2 4 KontU
60%
3 2 5 HerTo
59%
1 1 2 PuiU
59%
2 4 3 9 MPS
56%
2 1 1 4 Valtti
55%
1 1 KTP
54%
1 1 OPS
50%
2 2 KMF
49%
1 2 1 4 KNF
49%
2 2 IFFK
46%
1 1 Helsinki United
39%
3 3 6 Pyrkivä
36%
1 1 2 Koparit
29%
1 1 2 FC Espoo
19%
1 1 Pallokissat
16%
2 2 4 Into
15%
1 1 SC Raisio
14%
1 1 PP-Futis
3%
Ehtoja vastaavia visoja ei löytynyt
Tulosjakauma
Jokaisen tuloksen saaneiden osuus
Persentiili vastausten määrän mukaan
Tuloshistoriasi
Et ole pelannut tätä visaa